|
|
|
|
| LEADER |
01882nam a2200541 a 4500 |
| 001 |
nkc20112188874 |
| 003 |
CZ PrNK |
| 005 |
20120210123539.0 |
| 007 |
ta |
| 008 |
110504s2011 xr e f 000 0 cze |
| 015 |
|
|
|a cnb002188874
|
| 020 |
|
|
|a 978-80-7450-019-0
|q (brož.)
|
| 035 |
|
|
|a (OCoLC)780137942
|
| 040 |
|
|
|a ABA001
|b cze
|
| 041 |
1 |
|
|a cze
|h fre
|
| 072 |
|
7 |
|a 37
|x Výchova a vzdělávání
|2 Konspekt
|9 22
|
| 080 |
|
|
|a 173.5-055.53
|2 MRF
|
| 080 |
|
|
|a 316.346.32-053.4
|2 MRF
|
| 080 |
|
|
|a 37.03-053.2
|2 MRF
|
| 080 |
|
|
|a 159.922.72
|2 MRF
|
| 080 |
|
|
|a 316.4.051.63
|2 MRF
|
| 080 |
|
|
|a (0.062)
|2 MRF
|
| 100 |
1 |
|
|a Ferland, Francine
|7 ola2010610481
|4 aut
|
| 245 |
1 |
0 |
|a Ať žije babička a dědeček! :
|b prarodiče dnešní doby /
|c Francine Ferlandová ; [z francouzského originálu ... přeložila Kateřina Hrbková]
|
| 250 |
|
|
|a 1. vyd.
|
| 260 |
|
|
|a Praha :
|b Paulínky,
|c 2011
|
| 300 |
|
|
|a 167 s. ;
|c 20 cm
|
| 490 |
1 |
|
|a Svět rodiny
|
| 504 |
|
|
|a Obsahuje bibliografické odkazy
|
| 650 |
0 |
7 |
|a prarodičovství
|7 ph124554
|2 czenas
|
| 650 |
0 |
7 |
|a děti předškolního věku
|7 ph119710
|2 czenas
|
| 650 |
0 |
7 |
|a výchova dítěte
|7 ph127420
|2 czenas
|
| 650 |
0 |
7 |
|a vývoj dítěte
|7 ph127471
|2 czenas
|
| 650 |
0 |
7 |
|a mezigenerační vztahy
|7 ph202180
|2 czenas
|
| 650 |
0 |
9 |
|a grandparenting
|2 eczenas
|
| 650 |
0 |
9 |
|a preschool children
|2 eczenas
|
| 650 |
0 |
9 |
|a child rearing
|2 eczenas
|
| 650 |
0 |
9 |
|a child development
|2 eczenas
|
| 650 |
0 |
9 |
|a intergenerational relations
|2 eczenas
|
| 655 |
|
7 |
|a populárně-naučné publikace
|7 fd131864
|2 czenas
|
| 655 |
|
9 |
|a popular works
|2 eczenas
|
| 765 |
0 |
|
|t Grands-parents aujourd'hui
|9 Česky
|
| 830 |
|
0 |
|a Svět rodiny
|0 s
|
| 910 |
2 |
|
|a BOA001
|b 1-1279.379
|
| 990 |
|
|
|a BK
|
| 995 |
|
|
|a 01
|
| 991 |
|
|
|b 201202
|c NOV
|e n
|
| 996 |
6 |
|
|b 2610500662
|c 1-1279.379
|l MZK
|r Sklad / do 1 hodiny
|n 17
|p p.v.
|w 001225148
|u 000010
|a 1
|e BOA001
|j MZK50
|s P
|